| 000 | 00838nam a2200229Ia 4500 | ||
|---|---|---|---|
| 003 | Ost | ||
| 005 | 20260507074907.0 | ||
| 008 | 260507s9999||||xx |||||||||||||| ||und|| | ||
| 040 | _cfsecg | ||
| 041 | _aara | ||
| 082 | _a658.8 | ||
| 100 |
_aأبو نبعة، عبد العزيز _eمؤلف |
||
| 245 | 0 |
_aدراسات في تسويق الخدمات المتخصصة : _bمنهج تطبيقي / _c عبد العزيز أبو نبعة |
|
| 260 |
_aعمان: _bالوراق للنشر والتوزيع, _c2005 |
||
| 300 |
_a284 صفحة؛ _bإيضاحات ؛ _c25 سم |
||
| 520 | _aنظرية التسويق الخدمات- تطبيقات في تسويق الخدمات | ||
| 653 | _aإدارة الأعمال | ||
| 653 | _aأدارة المبيعات | ||
| 653 | _aالتسويق | ||
| 653 | _aالخدمات | ||
| 942 | _cكتاب | ||
| 999 |
_c41707 _d41707 |
||